• 首页
  • 本馆介绍
  • 公告通知
  • 最新文献
  • 馆藏检索
  • 电子资源
  • 读者导购
  • 参考咨询
  • 我的图书馆
  • 登录
  • 详细信息显示
  • 放入我的书架
  • 预约/预借图书
  • 作者相关作品
  • 分类相关作品
  • 丛书相关作品
  • 出版社相关作品

书目信息

  • 表格格式
  • 工作单格式
  • 卡片格式
题名:
甲壳质、衍生物及其应用
    
 
作者: 宋宝珍 著
分册:  
出版信息: 北京   科学出版社  2010.2
页数: 218页
开本: 24cm
丛书名:
单 册:
中图分类: Q539
科图分类:
主题词: 甲壳质--衍生物 , 甲壳质 , 衍生物
电子资源:
ISBN: 978-7-03-029521-7
000 00926nam0 2200265 450
001 0400003038
005 20171021174022.0
010    @a978-7-03-029521-7@dCNY55.00
100    @a20110907e20172010em y0chiy50 ea
101 0  @achi
102    @aCN@b110000
105    @aa z 000yy
106    @ar
200 1  @a甲壳质、衍生物及其应用@9jia qiao zhi、yan sheng wu ji qi ying yong@f宋宝珍[等]著
210    @a北京@c科学出版社@d2010.2@h2017.2
215    @a218页@c图@d24cm
304    @a著者还有:欧阳藩、张小勇、马宝林、李巧霞
330    @a本书从几丁质的提取、衍生物的制备,以及几丁质及其衍生物的结构、性质、功能,尤其是近代重要的研究成果及在生物医药、化工、农业、食品和环保等方面的重要应用进行了介绍和总结。
606 0  @a甲壳质@x衍生物
606 0  @a甲壳质
606 0  @a衍生物
690    @aQ539@v4
701  0 @a宋宝珍@9song bao zhen@c(女,@f1942~)@4著
801  0 @aCN@b91MARC@c20171021
905    @b1021329-33@dQ539@f5@e228
    
    甲壳质、衍生物及其应用/宋宝珍[等]著.-北京:科学出版社,2010.2(2017.2)
    218页:图;24cm
    
    
    ISBN 978-7-03-029521-7:CNY55.00
    本书从几丁质的提取、衍生物的制备,以及几丁质及其衍生物的结构、性质、功能,尤其是近代重要的研究成果及在生物医药、化工、农业、食品和环保等方面的重要应用进行了介绍和总结。
●
相关链接 在E读中查询图书 在五车中查询图书 在当当中查询图书 在豆瓣中查询图书


正题名:甲壳质、衍生物及其应用     索取号:Q539/228         预约/预借

序号 登录号 条形码 馆藏地/架位号 状态 备注
1 1021329   210213295   第二样本阅览室/ [索取号:Q539/228] 在馆    
2 1021330   210213302   第三借阅区/ [索取号:Q539/228] 在馆    
3 1021331   210213311   第三借阅区/ [索取号:Q539/228] 在馆    
4 1021332   210213320   密集书库-生命科学系/ [索取号:Q539/228] 在馆    
5 1021333   210213339   第三借阅区/ [索取号:Q539/228] 在馆    
唐山师范学院图书馆 欢迎您!
大连网信软件有限公司© 版权所有